The Paradox of poverty research: why is extreme poverty not in focus? /

Enregistré dans:
Détails bibliographiques
Auteur principal: Oyen, Else
Format: Texte
Tags: Ajouter un tag
Pas de tags, Soyez le premier à ajouter un tag!

MARC

LEADER 00000 a a2200000 04500
001 8178
003
040
100 |a Oyen, Else  
245 |a The Paradox of poverty research:   |b why is extreme poverty not in focus? /  |c Else Oyen 
773 |g número 2; páginas 331-345  
999 |c 26179  |d 26179